000 00396nam a2200157Ia 4500
008 230711s9999||||xx |||||||||||||| ||und||
041 _aENG
082 _a720
_bGU-M
100 _aGulati,R.R
245 0 _aMonochorme and colour television
250 _a1st Ed.
260 _c1983
_aNew Delhi
_bNew Age International Publishers
300 _a774
650 _aElectrical Engineering
942 _cBK
999 _c1750
_d1750